000 01044nam a2200313 4500
003 EG-GICUC
005 20260425210546.0
008 260425s1928 fr ||||fr|||| 00| 0 fre d
040 _aEG-GiCUC
_bfre
_cEG-GiCUC
_dEG-GiCUC
_eRda
041 0 _afre
082 0 4 _221
_a343.421
_bLI . Q
092 0 4 _221
099 _aLaw1 11 343.421 LI . Q 1928
100 1 _aLiais, Michel
_eAuteur
245 1 2 _aLa question des stupéfiants manufacturés l'oeuvre de la Société des nations /
_cMichel Liais.
264 1 _aParis :
_bSociété anonyme du Recueil Sirey,
_c1928.
300 _a208 page ;
_c 24 cm.
336 _2rda contenu
_a texte
337 _2rda medias
_aOrdinateur
338 _2 transporteur rda
_a Ressource en ligne
546 _aTexte en français
650 1 4 _aLégislations pénales spéciales
650 1 4 _aDroit pénal spécial
650 1 4 _aSciences Criminelles
650 1 4 _aDroit pénal complémentaire
856 4 0 _uhttps://fll.law.cu.edu.eg/fulltext/bks/B10-10654.pdf
905 _a30
942 _2ddc
_cBK
_e21
_n0
999 _c73361
_d73361